Derecho (Record no. 100138)

MARC details
000 -LEADER
campo de control de longitud fija 00732nam a2200181 i 4500
001 - NÚMERO DE CONTROL
campo de control 100138
003 - IDENTIFICADOR DE NÚMERO DE CONTROL
campo de control ES-MaACL
005 - FECHA Y HORA DE LA ÚLTIMA TRANSACCIÓN
campo de control 20230906182620.0
007 - CAMPO FIJO DE DESCRIPCIÓN FÍSICA--INFORMACIÓN GENERAL
campo de control de longitud fija t|
008 - DATOS DE LONGITUD FIJA--INFORMACIÓN GENERAL
campo de control de longitud fija 050922s1972 sp ||||1| spa d
100 1# - ENTRADA PRINCIPAL--NOMBRE DE PERSONA
Nombre de persona Martínez de Salinas Mendoza, Eduardo.
9 (RLIN) 78031
245 10 - MENCIÓN DEL TÍTULO
Título Derecho
Resto del título : contestaciones al programa del Concurso Oposición para Oficiales Administrativos /
Mención de responsabilidad, etc. por Eduardo J. Martínez de Salinas Mendoza.
260 ## - PUBLICACIÓN, DISTRIBUCIÓN, ETC.
Lugar de publicación, distribución, etc. Madrid :
Nombre del editor, distribuidor, etc. Raycar,
Fecha de publicación, distribución, etc. 1972.
300 ## - DESCRIPCIÓN FÍSICA
Extensión VII p., :
Otras características físicas 128 fol. ;
Dimensiones 30 cm.
500 ## - NOTA GENERAL
Nota general Precede al tít.: Centro de Formación y Perfeccionamiento del Banco de España.
710 2# - ENTRADA AGREGADA--NOMBRE DE ENTIDAD CORPORATIVA
Nombre de entidad corporativa o nombre de jurisdicción como elemento de entrada Centro de Formación y Perfeccionamiento del Banco de España.
9 (RLIN) 2689
852 ## - LOCALIZACIÓN
Ubicación ES-MaACL
Número de control de estantería C-47213
Sublocalización o colección R.84243
Holdings
Estatus retirado Estado de pérdida Estado de daño No para préstamo Biblioteca de origen Biblioteca actual Ubicación en estantería Fecha de adquisición Fuente de adquisición Total de préstamos Signatura topográfica completa Código de barras Visto por última vez Precio de reemplazo Tipo de ítem Koha
        Biblioteca del Ateneo de Madrid Biblioteca del Ateneo de Madrid Depósito 2 17/01/2008     C-47213 1104564 23/02/2023 23/02/2023 Libro impreso